Responses for show #1718 - Wednesday, February 5, 1992

Frank Epstein game 1.
3 clues missing in Double Jeopardy!

Contestants

Linda Hilton, an author from Arizona

Frank Epstein, a police officer from Los Angeles, California

Sharon Goldstein, a writer from Hollywood, California (whose 1-day cash winnings total $10,000)

Jeopardy! Round responses

"HOT"
SUMMER
KNIGHTS
TV SPIN-OFFS
SCIENCE & NATURE
RECIPES
    $100 10
hotcakes

Linda
    $100 18
Eskimos

Frank
    $100 3
horses

Frank
    $100 15
The Facts of Life

Triple Stumper
    $100 26
TNT

Frank
    $100 1
pizza

Sharon
    $200 11
hot-wire

Frank
    $200 19
Carlsbad Caverns

Frank
    $200 4
page boy

Sharon
    $200 16
The Tracy Ullman Show

Frank
    $200 27
silk

Sharon
    $200 2
guacamole

Frank
    $300 12
hot potato

Sharon
    $300 20
(Sharon: What are reindeer?)

seals

SharonLinda
    $300 5
Lancelot

Sharon
    $300 17
(Sharon: What is [no response]?)
(Alex: "Rhoda" was the first.)

Phyllis

SharonLinda
    $300 28
prism

Sharon
    $300 8
French toast

Sharon
    $400 13
hot dog

Frank
    $400 21
Boston

Sharon
    $400 6
knights-errant

Sharon
    $400 23
The Six Million Dollar Man

Sharon
    $400 29
volcanic explosion

Frank
    $400 9
Cherries jubilee

Frank
    $500 14
hothouse

Frank
    $1,000 22
(Sharon: I'm sorry, I don't know.)

Darjeeling

Sharon
    $500 7
Tristan

Sharon
    $500 24
Fish

Sharon
    $500 30
narwhal

Sharon
    $500 25
(Alex: About a minute to go in the round.)

potato chips

Linda

Scores at the first commercial break (after clue 16):

Sharon Frank Linda
$2,100 $2,000 $100

Scores at the end of the Jeopardy! Round:

Sharon Frank Linda
$2,800 $2,800 $1,200

Double Jeopardy! Round responses

AVIATION FIRSTS
THEATRE
SAN FRANCISCO
COMPUTERS
TREATIES
SHERLOCK HOLMES
    $200 9
balloon

Frank
    $200 12
"Amadeus"

Sharon
    $200 20
Fisherman's Wharf

Linda
    $200 7
Macintosh

Frank
    $200 3
-----------------------------

Frank
    $200 1
(Sharon: What is 21B Baker Street?)
(Linda: What is 21 Baker Street?)

221B Baker Street

SharonLinda
Triple Stumper
    $400 10
the Concorde

Linda
    $400 13
"The Taming of the Shrew"

Sharon
    $400 25
Levi Strauss

Sharon
    $400 21
printer

Sharon
    $400 4
------------------------------

Frank
    $400 2
(His Stradivarius) violin

Frank
    $600 11
refueling

Sharon
    $2,000 14
Samuel Pepys

Sharon
    $600 26
Telegraph Hill

Frank
    $600 22
hard drives/disks

Sharon
    $600 5
---------------------------

Linda
    $600 16
Professor Moriarty

Frank
    $800 29
(Frank: Who is Peary?)

Admiral Richard Byrd

Frank
Triple Stumper
    $800 15
Lillian Hellman

Frank
    $800 27
Diane Feinstein

Frank
    $800 23
digital

Linda
    $1,000 6
(Linda: What is SALT II?)

START (Strategic Arms Reduction Treaty)

Linda
    $800 17
A Study in Scarlet

Sharon
    $1000 30
Igor Sikorsky

Frank
    $1000 19
"City of Angels"

Linda
    $1000 28
Lombard Street

Frank
    $1000 24
Lotus

Sharon
    $1000 8
Liberia

Frank
    $1000 18
Mycroft

Sharon

Scores at the end of the Double Jeopardy! Round:

Sharon Frank Linda
$10,000 $9,200 $3,000

[wagering suggestions for these scores]

Final Jeopardy! Round responses

FAMOUS WOMEN
Linda[Who is Jacki] Who L John
$2,000
FrankWho was Jackie Kennedy
$9,100
SharonWho was E. Roosevelt?
$2,000
Jacqueline Kennedy

Final scores:

Sharon Frank Linda
$8,000 $18,300 $1,000
2nd place: Maytag washer & dryer and Panasonic microwave oven & color monitor New champion: $18,300 3rd place: Braun kitchen appliances

Game dynamics:

Coryat scores:

Sharon Frank Linda
$9,600 $9,200 $4,000
23 R
(including 1 DD),
4 W
(including 1 DD)
23 R,
1 W
9 R,
2 W
(including 1 DD)

Combined Coryat: $22,800

The J! Archive is created by fans, for fans. The Jeopardy! game show and all elements thereof, including but not limited to copyright and trademark thereto, are the property of Jeopardy Productions, Inc. and are protected under law. This website is not affiliated with, sponsored by, or operated by Jeopardy Productions, Inc. Join the discussion at JBoard.tv.